Najlepsi Strzelcy Sezonowo Manchester United 1990-2024 - Statystyki

Ogólne statystyki
  • Ten quiz został rozwiązany 395 razy
    206 od ostatniego zresetowania
  • Średni wynik to 24 z 36
Statystyki odpowiedzi
Sezon Kraj Liczba Bramek Pozycja Piłkarz % Poprawnych
2006/07 Portugalia 23 ST Cristiano Ronaldo
98%
2007/08 Portugalia 42 ST Cristiano Ronaldo
98%
2008/09 Portugalia 26 ST Cristiano Ronaldo
98%
2021/22 Portugalia 24 ST Cristiano Ronaldo
98%
2004/05 Anglia 17 ST Wayne Rooney
93%
2006/07 Anglia 23 ST Wayne Rooney
93%
2009/10 Anglia 34 ST Wayne Rooney
93%
2011/12 Anglia 34 ST Wayne Rooney
93%
2013/14 Anglia 19 ST Wayne Rooney
93%
2014/15 Anglia 14 ST Wayne Rooney
93%
2020/21 Portugalia 28 CAM Bruno Fernandes
89%
2023/24 Dania 16 ST Rasmus Højlund
89%
2016/17 Szwecja 28 ST Zlatan Ibrahimović
88%
2017/18 Belgia 27 ST Romelu Lukaku
87%
2022/23 Anglia 30 LS Marcus Rashford
84%
2018/19 Francja 16 CM Paul Pogba
83%
2015/16 Francja 17 ST Anthony Martial
80%
2019/20 Francja 23 ST Anthony Martial
80%
2012/13 Holandia 30 ST Robin Van Persie
80%
2010/11 Bułgaria 21 ST Dimitar Berbatov
70%
2001/02 Holandia 36 ST Ruud Van Nistelrooy
68%
2002/03 Holandia 44 ST Ruud Van Nistelrooy
68%
2003/04 Holandia 30 ST Ruud Van Nistelrooy
68%
2005/06 Holandia 24 ST Ruud Van Nistelrooy
68%
1993/94 Francja 25 CF Eric Cantona
66%
1995/96 Francja 19 CF Eric Cantona
66%
1996/97 Norwegia 19 ST Ole-Gunnar Solskjaer
50%
1998/99 Trynidad i Tobago 29 ST Dwight Yorke
47%
1999/00 Trynidad i Tobago 24 ST Dwight Yorke
47%
1997/98 Anglia 25 ST Andy Cole
42%
2000/01 Anglia 21 ST Teddy Sheringham
26%
1989/90 Walia 15 ST Mark Hughes
12%
1992/93 Walia 16 ST Mark Hughes
12%
1994/95 Rosja 15 RM Andrey Kanchelskis
6%
1990/91 Szkocja 19 ST Brian McClair
2%
1991/92 Szkocja 25 ST Brian McClair
2%
Nie znaleziono quizów pasujących do podanych kryteriów
Rozkład punktacji
Procent ludzi z każdym wynikiem
Percentyl według liczby udzielonych odpowiedzi
Twoja historia wyników
Nie rozwiązałeś tego quizu od ostatniego zresetowania